Medzinárodná konferencia Konverzia vojenskej produkcie: komparatívny prístup

Zhodnotenie konferencie organizovanej Ústavom ekonomickej teórie SAV v spolupráci s Nadáciou Friedricha Eberta v dňoch 16.-18.11.1992 v Bratislave.

Salvato in:
Dettagli Bibliografici
Autore principale: Brzica, Daneš
Natura: Capitolo di libro
Lingua:slovacco
Soggetti:
Tags: Aggiungi Tag
Nessun Tag, puoi essere il primo ad aggiungerne!!

MARC

LEADER 00000naa a2200000 4500
001 r014412
005 20221213122811.5
041 0 |a slo 
044 |a SK 
245 1 0 |a Medzinárodná konferencia Konverzia vojenskej produkcie: komparatívny prístup  |c Daneš Brzica 
520 |a Zhodnotenie konferencie organizovanej Ústavom ekonomickej teórie SAV v spolupráci s Nadáciou Friedricha Eberta v dňoch 16.-18.11.1992 v Bratislave. 
610 2 0 |a konverzia priemyslu 
610 2 0 |a priemysel zbrojársky 
610 2 0 |a SAV Bratislava 
610 2 0 |a konferencie 
610 2 0 |a Bratislava 
610 2 0 |a 1992 
100 1 |a Brzica, Daneš